000 00316nam a22001457a 4500
008 210528b ||||| |||| 00| 0 eng d
020 _a0917304756
041 _aeng
080 _a574
082 _a574
100 _a9
101 _aMJE
245 _aPlants that merit Attention
_cJanet M, Poor
942 _2udc
_cBK
999 _c57804
_d57804